Govt. of
Madhya Pradesh

Normal view MARC view

Entry Topical Term

Number of records used in: 1

001 - CONTROL NUMBER

  • control field: 75192

003 - CONTROL NUMBER IDENTIFIER

  • control field: OSt

005 - DATE AND TIME OF LATEST TRANSACTION

  • control field: 20190602152302.0

008 - FIXED-LENGTH DATA ELEMENTS

  • fixed length control field: 190602|| aca||aabn | a|a d

040 ## - CATALOGING SOURCE

  • Original cataloging agency: OSt
  • Transcribing agency: OSt

150 ## - HEADING--TOPICAL TERM

  • Topical term or geographic name entry element: साहित्‍य

670 ## - SOURCE DATA FOUND

  • Source citation: Work cat.: (OSt)27594: शास्‍त्री सुरेन्‍द्रदेव 75191, महाकवि कालिदास और भवभूति के नाटकों का तुलनात्‍मक अध्‍ययन, 1969